LEADER 01633nam2 2200313 450 001 000019561 005 20061118034655.0 100 $a20061116d1984----km-y0itaa50------ba 101 0 $agrc 102 $aBE 200 1 $aBasileiou episkopou Seleukias ta sozomena panta$dBasilii Seleuciensis episcopi opera quæ exstant omnia$eaccedunt Eudoclae imperatricis, Aeneae Gazaei, Zachariae Mitylenes, Gennadii Cp., Antipatri Bostrensis, Theotimi Tomitani, Gelasii Cyziceni, Andreae Samosatensis, Timothei Berytensis, Eustathii Berytensis, Quintiani Asculani, Joannis Carpathii, episcoporum; Ammonii presbyteri Alexandrini, Dalmatii monachi, Euthalii diaconi, Candidi Isauri, anonymi, scripta vel scriptorum fragmenta quae supersunt$faccurante et denuo recognoscente J.-P. Migne 210 $aTurnhout$cBrepols$d1984 215 $a1864 col.$d29 cm 225 2 $aPatrologiae graecae 300 $aIn testa al front.: Traditio Catholica -Saeculum V., anni 458-500 410 1$12001$aPatrologiae graecae$v85 461 1$1001000019510$12001$aPatrologiae cursus completus$v85 700 0$aBasilius$c: Seleuciensis$0391490 701 0$aEudocia$b:Augusta$0396931 702 1$aMigne,$bJacques Paul 801 0$aIT$bUniversità della Basilicata - B.I.A.$gRICA$2unimarc 912 $a000019561 996 $aBasileiou episkopou Seleukias ta sozomena panta$986752 997 $aUNIBAS BAS $aLETTERE CAT $aSTD049$b01$c20061116$lBAS01$h0215 CAT $aSTD049$b01$c20061118$lBAS01$h0346 FMT Z30 -1$lBAS01$LBAS01$mBOOK$1BASA1$APolo Storico-Umanistico$2DID$BDidattica$3IC$66246$5F6246$820061116$b1$f98$FConsultazione LEADER 01439nam0 2200313 i 450 001 MIL0454862 005 20251003044233.0 020 $aIT$b2000-12977 100 $a20020226d1999 ||||0itac50 ba 101 | $aita 102 $ait 181 1$6z01$ai $bxxxe 182 1$6z01$an 200 1 $aˆL'‰insegnamento universitario in Italia$egiornata di studio, Roma, 21 gennaio 1999 210 $aRoma$cAccademia nazionale dei Lincei$d1999 215 $a102 p.$d26 cm. 225 | $aAtti dei convegni lincei$fAccademia nazionale dei Lincei$v155 410 0$1001CFI0002532$12001 $aAtti dei convegni lincei$fAccademia nazionale dei Lincei$v155$171202$aAccademia nazionale dei Lincei$3CFIV002279 606 $aUniversità$xDidattica$2FIR$3CFIC090372$9E 676 $a378.00945$9(v.378.45)EDUCAZIONE SUPERIORE IN ITALIA$v20 676 $a378.125$9INSEGNAMENTO UNIVERSITARIO$v21 801 3$aIT$bIT-000000$c20020226 850 $aIT-BN0095 $aIT-NA0079 901 $bNAP 01$cCOLL.ITA $n$ 912 $aMIL0454862 950 0$aBiblioteca Centralizzata di Ateneo$cv. 5; 14-16; 21; 25; 30; 47; 80; 82; 95 ; 112; 122; 129; 134; 154-155; 178; 181; 196; 198; 202; 204-205; 222; 232; 237$d 01COLL.ITA Atti Lincei 155$e 0104 0000016415 VMA (0155 v. 155$fY $h20100727$i20100727 977 $a 01$a BN 996 $aInsegnamento universitario in Italia$9108440 997 $aUNISANNIO